00607nam a2200157Ia 4500082001600000245006900016300000700085500008000092650003800172650002500210650003500235650002600270700002500296700004600321710008200367 a303.6 NAT-A 0aAggression and violence: challenges for social well-being:report a72 acontents: Sponsored by Indian Council of Social Science Research, New Delhi aSocial stratificationvCongresses aViolencevCongresses aCivil disobediencevCongresses aTerrorismvCongresses aJamia Millia Islamia aIndian Council of Social Science Research aNational Seminar on Aggression and Violence: Challenges for Social Well-Being